Statistics for Random Geography

Click here to take the quiz!

General Stats

  • This quiz has been taken 108 times
  • The average score is 32 of 40

Answer Stats

Answer% Correct
Russia
98%
France
96%
Switzerland
95%
Austria
95%
Canada
95%
Norway
95%
Finland
93%
Germany
93%
Italy
92%
Iran
92%
Egypt
90%
Syria
90%
Iraq
90%
Israel
89%
Iceland
88%
Armenia
88%
Saudi arabia
88%
Greece
86%
USA
86%
Georgia
84%
Bulgaria
82%
Jordan
80%
Yemen
78%
Azerbaijan
77%
Slovenia
76%
Belgrade
75%
Sofia
75%
Zagreb
75%
Liechtenstein
73%
Athens
73%
Eritrea
71%
Sudan
70%
Djibouti
70%
Bucharest
63%
Monaco
60%
Argentina
57%
Chile
54%
Istanbul
49%
Skopje
48%
Thessaloniki
35%

Score Distribution

Percentile by Number Answered

Percent of People with Each Score

Your Score History

You have not taken this quiz